000 00596nam a2200193Ia 4500
008 140925s9999 xx 000 0 und d
020 _a1741-6787
100 _aMelnyk, Bernadette.
245 _aWorldviews on Evidence-Based Nursing /
_cBernadette Melnyk.
_h[electronic resource]
260 _bJohn Wiley & Sons, Inc.,
_cc2013.
516 _aElectronic text
650 _aEvidences.
650 _aNursing.
650 _aWorldview.
830 _aJohn Wiley & Sons, Inc.
856 _uhttp://onlinelibrary.wiley.com/journal/10.1111/%28ISSN%291741-6787
942 _cEJ
999 _c275680
_d275680